000 00498nam a22001697a 4500
005 20251108164317.0
008 250721s1964 xx 000 0 ara d
082 1 4 _a355.4/كاو
100 1 _aكاوفمان، وليام
245 1 0 _aإستراتيجية ماكنامارا /
264 1 _aالقاهرة :
_bمؤسسة سجل العرب،
_c1964.
300 _a422ص
650 1 7 _aالإستراتيجية
700 1 _aأحمد، سلامه
_eترجمة
942 _2ddc
_cBK
999 _c8982
_d8982